000
00242nam a22001097a 4500
082
_a
665.7 GAS'A
100
_a
AMERICAN SOCIETY
_9
42369
245
_a
GAS CARBURIZING
260
_a
OHIO
_b
AMERICAN SOCIETY
_c
1964
300
_a
191P
942
_c
BK
999
_c
585157
_d
585157